Papyri aus dem Archiv des Königlichen Schreibers Dionysios (P.Heid. IX) /

محفوظ في:

مؤلفون آخرون: Armoni, Charikleia A.

التنسيق: كتاب

اللغة: German

منشور في: Heidelberg : Winter, 2006.

سلاسل: Veröffentlichungen aus der Heidelberger Papyrus-Sammlung ; n.F., Nr. 12.

الموضوعات:

الوسوم: إضافة وسم

لا توجد وسوم, كن أول من يضع وسما على هذه التسجيلة!

رقم الطلب: ( F )PA3308 .P379 2006

LEADER 01062nam a2200241Ia 4500
003 OSt
005 20241028095049.0
008 230909s2006 gw af 000 0 ger c
952 |0 0  |1 0  |2 lcc  |4 0  |7 1  |9 49811  |a ARCE  |b ARCE  |d 2023-09-09  |l 0  |o ( F )PA3308 .P379 2006  |p 1025319  |r 2023-09-09 00:00:00  |w 2023-09-09  |y BK 
999 |c 54434  |d 54434 
020 |a 3825351653 (cl.) 
040 |c ARCE Library 
050 4 |a ( F )PA3308 .P379 2006 
245 0 0 |a Papyri aus dem Archiv des Königlichen Schreibers Dionysios (P.Heid. IX) /   |c herausgegeben von Charikleia Armoni. 
264 1 |a Heidelberg :   |b Winter,   |c 2006. 
300 |a xvi, 135 p., 19 p. of plates :   |b ill. ;   |c 33 cm. 
490 0 |a Veröffentlichungen aus der Heidelberger Papyrus-Sammlung ; n.F., Nr. 12. 
610 2 0 |a Universität Heidelberg. -- Institut für Papyrologie. -- Manuscript. -- P. Heid. IX. 
650 0 |a Dionysios -- (basilikos grammateus), -- active 161 B.C.-155 B.C. 
650 0 |a Manuscripts, Greek (Papyri) -- Germany -- Heidelberg. 
700 1 |a Armoni, Charikleia A. 
901 |a reviewed 
942 |2 lcc  |c BK